|
|
|
|
| LEADER |
00000nam a2200000 a 4500 |
| 001 |
vtls010273629 |
| 003 |
SK-MaSNL |
| 005 |
20260301031710.0 |
| 007 |
co bg muuua |
| 008 |
180809s2010 xo l fs 100 0 slo |
| 015 |
|
|
|a SNBS2013
|
| 020 |
|
|
|a 9788055502045
|q (elektronická kniha)
|
| 040 |
|
|
|a SNK
|b slo
|c SNK
|e AACR2
|
| 041 |
0 |
|
|a slo
|a cze
|
| 044 |
|
|
|a xo
|c SK
|
| 072 |
|
7 |
|a 271/279
|x Kresťanské cirkvi, sekty, denominácie
|2 konspekt
|
| 080 |
|
|
|a 271.2
|2 2001
|
| 080 |
|
|
|a (062.534)
|2 2001
|
| 080 |
|
|
|a (0.034.44)
|2 2001
|
| 111 |
2 |
|
|a Pravoslávie a súčasnosť (konferencia)
|n (1. :
|d 2009 :
|c Prešov, Slovensko)
|9 178663
|
| 245 |
1 |
0 |
|a Pravoslávie a súčasnosť I.
|h elektronický zdroj
|b zborník príspevkov zo študentskej vedeckej konferencie Prešov, 5. máj 2009
|c Vladimír Kocvár (ed.)
|
| 260 |
|
|
|a Prešov
|b Prešovská univerzita
|c 2010
|
| 300 |
|
|
|a 1 elektronický optický disk (CD-ROM)
|b sch.
|c 12 cm
|
| 500 |
|
|
|a Názov z titulnej obrazovky
|
| 504 |
|
|
|a Bibliogr. odkazy
|
| 516 |
|
|
|a Textový dokument (zborník), 2 súbory vo formáte html, súbory vo formáte pdf
|
| 538 |
|
|
|a Technické požiadavky: internetový prehliadač, PDF prehliadač
|
| 546 |
|
|
|a Text čiast. slov., čes.
|
| 650 |
0 |
7 |
|a pravoslávie
|2 SNKPH
|9 4092
|
| 650 |
0 |
7 |
|a Orthodoxy
|2 SNKPHeng
|9 266035
|
| 655 |
|
7 |
|a elektronické zdroje
|2 SNKPH
|9 90954
|
| 655 |
|
7 |
|a CD-ROM
|2 SNKPH
|9 70236
|
| 655 |
|
7 |
|a zborníky konferencií
|2 SNKPH
|9 70153
|
| 655 |
|
7 |
|a Electronic resources
|2 SNKPHeng
|9 175546
|
| 655 |
|
7 |
|a Proceedings of conferences
|2 SNKPHeng
|9 265791
|
| 700 |
1 |
|
|a Kocvár, Vladimír,
|d 1978-
|4 edt
|9 192943
|
| 856 |
4 |
1 |
|u http://www.pulib.sk/elpub2/PBF/Kocvar2/index.html
|
| 919 |
|
|
|a 978-80-555-0204-5
|
| 958 |
|
|
|a NB
|
| 958 |
|
|
|a NT
|
| 999 |
|
|
|c 577162
|d 579092
|
| 952 |
|
|
|a SNK
|b SNK
|y PREZ
|7 0
|p 17A0701366
|o snkSCDM 3755
|i snk2011/9362
|8 0
|0 0
|1 0
|4 0
|d 2011-04-26
|l 0
|r 2026-02-23 14:37:29
|w 2026-02-23
|